عرض عادي
عرض مارك
- Occult fiction.
مدخل تقسيم شكلي
001 - رقم الضبط
- حقل الضبط: 6815
003 - معرف رقم الضبط
- حقل الضبط: OSt
005 - تاريخ ووقت أخر عملية
- حقل الضبط: 20111203115423.0
008 - عناصر بيانات ثابتة الطول
- حقل تحكم ثابت الطول: 111203|||a|||||| | ||| d
040 ## - مصدر الفهرسة
- هيئة الفهرسة الأصلية: OSt
- وكالة الكتابة: OSt
155 ## - الراس-نوع ادبي/مصطلح شكلي
- النوع الادبي/المصطلح الشكلي: Occult fiction.
670 ## - بيانات المصدر موجوده
- الاستشهاد بالمصدر: Work cat.: (OSt)20232: Hawthorne, Nathaniel, 1804-1864. 6812, The house of seven gables /, 2010.
